000 00710nam a2200205Ia 4500
003 OSt
005 20241009150727.0
007 ca aa aaaaa
008 201103s9999 xx 000 0 und d
040 _cSSBUL
041 _abur
082 _223
_a၁၃၃ အောင်
_b၉၀၈၅ S-SAT
100 0 _a အောင်၊ ဆရာ
_917278
245 1 0 _aမဟာဂန္ဓာရီပညာ /
_cဆရာအောင်။
260 _aရန်ကုန် ၊
_bစစ်မြေစာပေ၊
_c၁၉၇၂။
300 _a၁၆၀ စာမျက်နှာ ၊
_c၁၈ စင်တီ။
500 _aS-SAT: Dr. Sai Aung Tun
650 _aလောကီပညာ
942 _2ddc
_cBK1
999 _c16643
_d16643